00480nam a2200157Ia 450000500170000000800410001708200130005824500330007126000280010430000130013250000290014570000280017494200060020295200990020899900150030720250405153927.0240331s9999 xx 000 0 und d bSIRa894 0aSitpi :bmarabum puthumaiyum aBangalorebKaavyac1996 a216 p ., aA Collection of Articles aGnanasekaran, T . eedt cL 001040708LaWERCLbWERCLcSSCd2024-03-31l0o 894.811 SIRp4531r2024-03-31w2024-03-31yL c3784d3784